| 000 | 01290nac a22004097a 4500 | ||
|---|---|---|---|
| 001 | BR6800271 | ||
| 003 | BR-BrBNA | ||
| 005 | 20240105113328.0 | ||
| 008 | 230509b bl.|||m| |||| 00| 0 por d | ||
| 040 |
_aBR-BrBNA _bpor _cBiblioteca Nacional de Agricultura |
||
| 072 | _aE50; E10; E70 | ||
| 090 | _aE50 BR6800271 | ||
| 100 | 1 | _aMaior, A.S.S. | |
| 100 | 1 | _aMagnanini, R.L. da C. | |
| 100 | 1 | _aDuarte, A.C. | |
| 100 | 1 | _aMaricato, A.T. | |
| 100 | 1 | _aBarbosa, I.C. | |
| 100 | 1 | _aStrauch, L.M. de M. | |
| 100 | 1 | _aHerida, M. da G.C. | |
| 100 | 1 | _aTeixeira, E. de C. | |
| 100 | 1 | _aKeller, E.C. de S. | |
| 110 | 1 |
_aFundacao Instituto Brasileiro de Geografia e Estatistica, Rio de Janeiro, GB _94918 |
|
| 245 | 1 |
_aGeografia do Brasil. Grande regiao Sul [Demografia; Industria; Transporte] _bv. 4(2) |
|
| 260 | 3 |
_aRio de Janeiro, GB (Brasil): _c1968. |
|
| 300 | _a371 p. | ||
| 490 |
_aBiblioteca Geografica Brasileira. Serie A (Brazil) _vno. 18 _x |
||
| 500 | _a49 illus.; Glossary p. 341-358; 29 ref. | ||
| 650 | _aSociologia rural | ||
| 650 | _aMacroeconomia | ||
| 650 | _aComercializacao | ||
| 650 | _aDemografia | ||
| 650 | _aIndustria | ||
| 650 | _aTransporte | ||
| 650 | _aSul | ||
| 909 |
_a202312 _bLúcia Elande _c55 _dLúcia Elande |
||
| 942 |
_2AGRIS _n0 _cMS |
||
| 999 |
_c263124 _d263124 |
||